Gambie ou Zambie ? - Statistiques

Statistiques générales
  • Ce quiz a été pris 141 fois
  • Le résultat moyen est 9 sur 14
Statistiques - réponses
Question Réponse % Correct
N'a aucun accès direct à la mer Zambie
98%
Accueille les chutes Victoria, qui comptent parmi les chutes d'eaux les plus importantes du monde Zambie
89%
Son drapeau contient du vert Les deux
80%
A déjà gagné la Coupe d'Afrique des Nations Zambie
76%
Sa capitale est située sur une île Gambie
73%
Sa population est majoritairement urbaine Gambie
65%
A été une colonie britannique Les deux
64%
Est moins étendue que la France Gambie
56%
Son nom officiel en anglais inclut l'article "The" Gambie
49%
Son nom provient du nom d'un fleuve Les deux
47%
La majorité de sa population est chrétienne Zambie
47%
Possède la frontière internationale la plus courte du monde Zambie
45%
N'a jamais remporté de médailles olympiques Gambie
42%
A une frontière terrestre avec un pays francophone Les deux
33%
Aucun quiz correspondant
Distribution des résultats
% des personnes avec chaque résultat
Percentile par nombre de réponses
Votre historique - résultats
Vous n’avez pas pris ce quiz